Statistiques concernant Les plus grandes villes sur la Saône

Cliquez ici pour prendre le quiz!

Statistiques générales

  • Ce quiz a été pris 65 fois
  • Le résultat moyen est 7 sur 17

Statistiques - réponses

Population (2015) Ville sur la Saône % Correct
461,300Lyon
93%
33,700Mâcon
88%
44,800Chalon-sur-Sâone
88%
35,600Villefranche-sur-Saône
72%
5,800Tournus
51%
41,400Caluire-et-Cuire
49%
8,000Belleville
37%
7,200Neuville-sur-Saône
33%
7,800Auxonne
28%
5,900Gray
26%
6,700Trévoux
23%
6,300Anse
21%
6,300Fontaines-sur-Saône
16%
6,300Saint-Rémy
14%
6,000Jassans-Riottier
14%
5,800Saint-Marcel
7%
5,100Genay
5%

Distribution des résultats

Percentile by Number Answered

% des personnes avec chaque résultat

Votre développement - résultats

Vous n’avez pas pris ce quiz